Statystyki dla Wszystkie miejscowości z końcówką ślaskie/śląska

Kliknij tutaj aby rozwiązać quiz!

Ogólne statystyki

  • Ten quiz został rozwiązany 37 razy
  • Średni wynik to 6 z 44

Statystyki odpowiedzi

WojewództwoOdpowiedź% Poprawnych
ŚląskieRudaŚląska
74%
ŚląskieSiemianowiceŚląskie
65%
DolnośląskieŚrodaŚląska
56%
ŚląskieWodzisławŚląski
47%
ŚląskiePiekaryŚląskie
44%
DolnośląskieZąbkowiceŚląskie
38%
DolnośląskieLwówekŚląski
35%
ŚląskieMiasteczkoŚląskie
26%
OpolskieGorzówŚląski
24%
DolnośląskieGryfówŚląski
21%
OpolskieKamieńŚląski
21%
DolnośląskieObornikiŚląskie
21%
DolnośląskieJaworzynaŚląska
18%
DolnośląskieStronieŚląskie
18%
ŚląskieTurzaŚląska
15%
OpolskieBlachowniaŚląska
9%
ŚląskieChełmŚląski
9%
DolnośląskieCiepliceŚląskie-Zdrój
9%
ŚląskieŁukówŚląski
9%
ŚląskieBrzezinyŚląskie
6%
DolnośląskieChełmskoŚląskie
6%
ŚląskieGórkiŚląskie
6%
DolnośląskieKątyŚląskie
6%
ŚląskieNakłoŚląskie
6%
OpolskieRacławiceŚląskie
6%
OpolskieBukowaŚląska
3%
ŚląskieGrodziecŚląski
3%
ŚląskieLipieŚląskie
3%
DolnośląskieNawojówŚląski
3%
ŚląskieSierakówŚląski
3%
OpolskieSzydłowiecŚląski
3%
OpolskieWyszkówŚląski
3%
DolnośląskieZagórzeŚląskie
3%
DolnoślaskieGoleniówŚląski
0%
DolnośląskieJordanówŚląski
0%
ŚląskieKomorowiceŚląskie
0%
LubuskieKsiążŚląski
0%
DolnośląskieLudówŚląski
0%
ŚląskieMikuszowiceŚląskie
0%
OpolskieSmarchowiceŚląskie
0%
WielkopolskieSzklarkaŚląska
0%
DolnośląskieUnisławŚląski
0%
DolnośląskieWrzącaŚląska
0%
OpolskieZalesieŚląskie
0%

Rozkład punktacji

Percentyl według liczby udzielonych odpowiedzi

Procent ludzi z każdym wynikiem

Twoja historia wyników

Nie rozwiązałeś tego quizu